000 00804nam a2200217Ii 4500
003 JO-AjNU
008 230605s9999||||xx |||||||||||||| ||und||
017 _a2000/9063
020 _a977-01-6021-5
040 _aJO-AjNU
_bara
_erda
_cJO-AjNU
041 _aara
050 1 4 _aHD9018.I84.A2235.2000
100 3 _aعبدالعزيز،عبدالعزيز محمود,
_eauthor
_920770
245 0 0 _aمشكلة الغذاء في العالم الاسلامي
264 3 1 _aالقاهرة:الهيئة المصرية العامة للكتاب،2000
300 _a326ص
_bيحتوي على ببلوغرافية من 317-326ص
336 _atext
_btxt
_2rdacontent
337 _aunmediated
_bn
_2rdamedia
338 _avolume
_bnc
_2rdacarrier
650 4 _aالاعذية-البلاد الاسلامية
_920771
999 _aA7101
_c10669
_d10669